000 00596nam a2200169 i 4500
001 44808
003 ES-MaACL
005 20230906161110.0
007 t|
008 030324s1931 fr ||||1| fre d
100 1 _aClique, Hubert.
_939271
245 1 4 _aLes caves cooperatives de vinification en Bourgogne amisi que dans les autres regions de la France et treize pays etrangers /
_cHubert Clique ; preface de Leon Donarche.
260 _aParĂ­s :
_b[s.n.,
_c1931] (
_eTolouse :
_fF. Boissean)
300 _aIV, 315 p. ;
_c25 cm.
700 1 _aDonarche, Leon.
_945290
852 _aES-MaACL
_jA-3782
999 _c44808
_d44808